ARRUPE JESUIT UNIVERSITY

CORONAVIRUS -STOP THE SPREAD - CLEAN,DISINFECT,COVER

Patterns of Language (Record no. 122391)

MARC details
000 -LEADER
fixed length control field 00499nam a22001577a 4500
008 - FIXED-LENGTH DATA ELEMENTS--GENERAL INFORMATION
fixed length control field 150311b xxu||||| |||| 00| 0 eng d
050 ## - LIBRARY OF CONGRESS CALL NUMBER
Classification number PE1128.C998
100 ## - MAIN ENTRY--PERSONAL NAME
Personal name Czerniewska, Pam
9 (RLIN) 16175
245 ## - TITLE STATEMENT
Title Patterns of Language
Statement of responsibility, etc Pam Czerniewska
260 ## - PUBLICATION, DISTRIBUTION, ETC. (IMPRINT)
Place of publication, distribution, etc Britain
Name of publisher, distributor, etc The Open University Press
Date of publication, distribution, etc 1979
300 ## - PHYSICAL DESCRIPTION
Extent 120p. ;
Dimensions 30cm.
440 ## - SERIES STATEMENT/ADDED ENTRY--TITLE
Title PE 232
Number of part/section of a work block 2
9 (RLIN) 16176
650 ## - SUBJECT ADDED ENTRY--TOPICAL TERM
Topical term or geographic name as entry element English language
General subdivision textbooks for foreign students
9 (RLIN) 16172
700 ## - ADDED ENTRY--PERSONAL NAME
Personal name Twite, Sally
9 (RLIN) 16600
942 ## - ADDED ENTRY ELEMENTS (KOHA)
Source of classification or shelving scheme Library of Congress Classification
Item type Monograph ( Printed materials)
Holdings
Withdrawn status Lost status Source of classification or shelving scheme Damaged status Not for loan Collection code Home library Current library Shelving location Date acquired Total Checkouts Full call number Barcode Date last seen Price effective from Koha item type
    Library of Congress Classification     Main Collection ARRUPE LIBRARY ARRUPE LIBRARY Main Collection 11/03/2015   PE1128.C998 46500002729 27/02/2019 11/03/2015 Monograph ( Printed materials)

 

Arrupe Library. PO Box MP320 Mt Pleasant, Harare, Zimbabwe
263 242 745411|librarian@aju.ac.zw